| 000 | 00722nam a2200241Ia 4500 | ||
|---|---|---|---|
| 003 | OSt | ||
| 005 | 20220927105118.0 | ||
| 006 | a|||||r|||| 00| 0 | ||
| 007 | ta | ||
| 008 | 220926b |||||||| |||| 00| 0 eng d | ||
| 024 | _a186750 | ||
| 037 | _cReference Collections | ||
| 040 |
_aRTL _cRTL _beng |
||
| 041 |
_2eng _aeng |
||
| 082 | _a"X9(D6,8).231.N72<N71r, L2/GD" | ||
| 110 |
_aHINDUSTAN MACHINE TOOLS LTD _9370240 |
||
| 245 | 0 | _a19th annual report 1971-72. | |
| 260 |
_aBangalore _bHMT _c1972 |
||
| 300 |
_a43p. _ccm. |
||
| 700 |
_aHINDUSTAN MACHINE TOOLS LTD _9370241 |
||
| 942 |
_h"X9(D6,8).231.N72<N71r, L2/GD" _cCC |
||
| 999 |
_c690716 _d690716 |
||